| 000 | 00850nam a2200193 a 4500 | ||
|---|---|---|---|
| 003 | 0 | ||
| 005 | 20250626090540.0 | ||
| 008 | 021118s19uu xx 00 eng d | ||
| 050 |
_aPHS GT 2345 _b.J38 1998 |
||
| 100 | _aJavier, Marien Karima S. | ||
| 245 |
_aTattoo and body piercing as forms of body art of high school students in private schools in Las Piñas, Muntinlupa and Parañaque / _cMarien Karima S. Javier. |
||
| 260 |
_aLas Piñas City, Philippines : _bSouthville International School and Colleges, _c1998. |
||
| 300 |
_a45 pages : _bcolor illustrations ; _c29 cm. |
||
| 504 | _aIncludes bibliographical references. | ||
| 650 |
_aTattooing _xSocial aspects _zPhilippines _zLas Piñas. |
||
| 650 |
_aBody piercing _xSocial aspects _zPhilippines _zMuntinlupa. |
||
| 650 |
_aBody art _xSocial aspects _zPhilippines _zParañaque. |
||
| 942 |
_2lcc _cPASS |
||
| 999 |
_c96218 _d96218 |
||